Movies Quiz

Random Movies or Quote Quiz

Most Interesting Movie Quotes Quiz Stats

 Plays Quiz not verified by Sporcle

Challenge
Share
Tweet
Embed
Score 0/30 Timer 07:00
0 Plays Today
Left (L) Answer % Correct
- Good Will Hunting???
100%
- American Beauty???
100%
- Jurassic Park???
100%
- American History X???
100%
- The Usual Suspects???
100%
- Se7en???
100%
- One Flew Over the Cuckoo's Nest???
100%
- V for Vendetta???
100%
- Fargo???
100%
- Goodfellas???
100%
- Memento???
100%
- The Matrix???
100%
- There Will Be Blood???
100%
- The Royal Tenenbaums???
100%
- LOTR: The Return of the King???
100%
Left (L) Answer % Correct
'People should not be afraid of their governments. Governments should be afraid of their people.'???
49.1%
'Keaton always said, 'I don't believe in God, but I'm afraid of him.' Well I believe in God, and the only thing that scares me is Keyser Soze.'???
47.2%
'Remember those posters that said, 'Today is the first day of the rest of your life'? Well, that's true of every day but one - the day you die.'???
45.3%
'Say, Lou, didya hear the one about the guy who couldn't afford personalized plates, so he went and changed his name to J3L2404?'???
45.3%
'I knew you wouldn't leave without me. I was waiting for you. Now we can make it, Mac; I feel big as a damn mountain.'???
43.4%
'We all lie to ourselves to be happy.'???
43.4%
'I think we're just gonna to have to be secretly in love with each other and leave it at that, Richie.'???
43.4%
'No, the journey doesn't end here. Death is just another path... One that we all must take.'???
39.6%
'I killed two guys, Danny, I killed them. And it didn't make me feel any different. It just got me more lost.'???
37.7%
'There are times when I... I look at people and I see nothing worth liking.'???
35.8%
'Gee, the lack of humility before nature that's being displayed here, uh... staggers me.'???
34%
'For as long as I can remember I always wanted to be a gangster. To me that was better than being president of the United States.'???
30.2%
'Wanting people to listen, you can't just tap them on the shoulder anymore. You have to hit them with a sledgehammer, and then you'll notice you've got their strict attention.'???
28.3%
'For about ten seconds, from when I pull up to the curb and when I get to your door, I think, maybe I'll get up there and I'll knock on the door and you won't be there.'???
26.4%
'To deny our own impulses is to deny the very thing that makes us human.'???
24.5%

You're not logged in!

Compare scores with friends on all Sporcle quizzes.
Join for Free
OR
Log In

You Might Also Like...

Show Comments

Extras

Created May 3, 2016ReportNominate
Tags:Quote Quiz, imdb, vote

Top Quizzes Today


Score Distribution

Your Account Isn't Verified!

In order to create a playlist on Sporcle, you need to verify the email address you used during registration. Go to your Sporcle Settings to finish the process.

Report this User

Report this user for behavior that violates our Community Guidelines.

Details: